<?xml version="1.0" encoding="UTF-8"?>
<marc:record xmlns:marc="http://www.loc.gov/MARC21/slim">
   <marc:leader>00000nam a2200000 a 4500</marc:leader>
   <marc:datafield ind1="1" ind2=" " tag="100">
      <marc:subfield code="a">Storl, Wolf-Dieter</marc:subfield>
      <marc:subfield code="4">aut</marc:subfield>
      <marc:subfield code="e">Verfasser/-in</marc:subfield>
   </marc:datafield>
   <marc:datafield ind1=" " ind2=" " tag="653">
      <marc:subfield code="a">Schamane</marc:subfield>
   </marc:datafield>
   <marc:datafield ind1=" " ind2=" " tag="653">
      <marc:subfield code="a">Geheimnisvolle Stätte</marc:subfield>
   </marc:datafield>
   <marc:datafield ind1=" " ind2=" " tag="653">
      <marc:subfield code="a">Ethnobotanik</marc:subfield>
   </marc:datafield>
   <marc:datafield ind1=" " ind2=" " tag="653">
      <marc:subfield code="a">Softcover</marc:subfield>
   </marc:datafield>
   <marc:datafield ind1=" " ind2=" " tag="653">
      <marc:subfield code="a">Karte</marc:subfield>
   </marc:datafield>
   <marc:datafield ind1=" " ind2=" " tag="653">
      <marc:subfield code="a">Anthroposophie / Anthroposophie</marc:subfield>
   </marc:datafield>
   <marc:datafield ind1=" " ind2=" " tag="653">
      <marc:subfield code="a">Erlebnisbericht</marc:subfield>
   </marc:datafield>
   <marc:datafield ind1="0" ind2="0" tag="245">
      <marc:subfield code="a">Streifzüge am Rande Midgards</marc:subfield>
   </marc:datafield>
   <marc:datafield ind1="0" ind2="0" tag="245">
      <marc:subfield code="b">Geschichten aus meinem Leben</marc:subfield>
   </marc:datafield>
   <marc:datafield ind1="0" ind2="0" tag="245">
      <marc:subfield code="c">Wolf-Dieter Storl</marc:subfield>
   </marc:datafield>
   <marc:datafield ind1=" " ind2="1" tag="264">
      <marc:subfield code="a">Burgrain</marc:subfield>
      <marc:subfield code="b">Koha</marc:subfield>
      <marc:subfield code="c">2006</marc:subfield>
   </marc:datafield>
   <marc:datafield ind1=" " ind2=" " tag="250">
      <marc:subfield code="a">1. Aufl.</marc:subfield>
   </marc:datafield>
   <marc:datafield ind1="1" ind2=" " tag="520">
      <marc:subfield code="a">Angaben aus der Verlagsmeldung

Schamanische Reise am Rande Midgards : Geschichten aus meinem Leben / von Wolf D Storl

Was wir heute Natur nennen, nannten die germanischen Völker Midgard, Garten in der Mitte. Es ist der Wohnort für Menschen, Tiere, Pflanzen, Steine, Winde und Wasser. Jenseits von Midgard ist Utgard, die Außenwelt. Dort wohnen die Riesen, Alben, Totengeister, Zwerge und oberhalb davon die Götter.
Zauberer - wir nennen sie heute Schamanen - waren die einzigen Menschen, die befähigt waren, ungestraft die Regionen Utgards zu bereisen. Nicht aus Neugierde oder zum Vergnügen reisten sie über die Grenzen des Alltags und des alltäglichen Bewusstseins hinaus, sondern zum Schutz der Gemeinschaft, zum Auffinden heilender Kräfte oder zur Abwehr dämonischer Einwirkungen.
Heute wissen wir wenig über Utgard und seine Bewohner. Wir hegen den Aberglauben, dass es sich dabei lediglich um subjektive Fantasie, Einbildungen, Halluzinationen oder Hirnstoffwechselstörung handelt. Die Naturvölker und unsere Ahnen lehren uns des Besseren. In diesem Buch erzählt Wolf-Dieter Storl von persönlichen Erlebnissen mit Wesen, die ihm am Rande Midgards begegneten.
</marc:subfield>
   </marc:datafield>
   <marc:datafield ind1=" " ind2=" " tag="020">
      <marc:subfield code="a">9783936862867</marc:subfield>
      <marc:subfield code="9">9783936862867</marc:subfield>
   </marc:datafield>
   <marc:datafield ind1=" " ind2=" " tag="020">
      <marc:subfield code="a">3936862869</marc:subfield>
      <marc:subfield code="9">3936862869</marc:subfield>
   </marc:datafield>
   <marc:datafield ind1=" " ind2=" " tag="041">
      <marc:subfield code="a">ger</marc:subfield>
   </marc:datafield>
   <marc:datafield ind1=" " ind2=" " tag="300">
      <marc:subfield code="a">258, [16] S.</marc:subfield>
   </marc:datafield>
</marc:record>
